30 Rock Guest Stars - Statistics

General Stats
  • This quiz has been taken 44 times
  • The average score is 11 of 20
Answer Stats
Character Actor % Correct
Drew Baird, handsome and dimwitted doctor Jon Hamm
91%
Carol Burnett, Liz's TGS-loving pilot boyfriend Matt Damon
91%
Gavin Volure, agoraphobic and reclusive millionaire Steve Martin
82%
Claire, Liz and Jenna's crazy college roommate Jennifer Aniston
79%
Nancy Donovan, Jack's childhood crush with a heavy Boston accent Julianne Moore
79%
Lenny Wosniak, private investigator Steve Buscemi
73%
Avery Jessup, CNBC reporter and Jack's second wife Elizabeth Banks
67%
Stewart LaGrange, UN employee that Liz mistakes for a little boy Peter Dinklage
64%
Regina Bookman, democratic congresswoman Queen Latifah
61%
Cooter Burger, member of the Bush administration Matthew Broderick
52%
Raheem, Liz's neighbor whom she believes is a terrorist Fred Armisen
48%
Lynn Onkman, Frank's middle school teacher and lover Susan Sarandon
48%
Bianca, Jack's first wife Isabella Rossellini
45%
Tom, NBC maintenance man who discovers a gas leak in the sixth floor in his final day before retirement Michael Keaton
42%
Ron, Kenneth's hillbilly step-father Bryan Cranston
33%
Ritchie, NBC editor and Civil War re-enactor Paul Giamatti
33%
Kim Jong-Il / Kim Jong-Un Margaret Cho
24%
Sylvia Rossitano, Frank's mother Patti LuPone
24%
Mitch, Liz's amnesiac younger brother stuck in 1985 Andy Richter
21%
Colleen Donaghy, Jack's mother Elaine Stritch
21%
No matching quizzes found
Score Distribution
Percent of People with Each Score
Percentile by Number Answered
Your Score History
You have not taken this quiz